<?xml version="1.0" encoding="UTF-8"?>
<record
    xmlns:xsi="http://www.w3.org/2001/XMLSchema-instance"
    xsi:schemaLocation="http://www.loc.gov/MARC21/slim http://www.loc.gov/standards/marcxml/schema/MARC21slim.xsd"
    xmlns="http://www.loc.gov/MARC21/slim">

  <leader>01735nam a2200265 u 4500</leader>
  <controlfield tag="001">114572</controlfield>
  <controlfield tag="005">20260506081519.0</controlfield>
  <controlfield tag="008">961204s1986                        spa  </controlfield>
  <datafield tag="020" ind1=" " ind2=" ">
    <subfield code="a">9501231135</subfield>
  </datafield>
  <datafield tag="035" ind1=" " ind2=" ">
    <subfield code="a">114572</subfield>
  </datafield>
  <datafield tag="035" ind1=" " ind2=" ">
    <subfield code="a">(OCoLC)777959295</subfield>
  </datafield>
  <datafield tag="040" ind1=" " ind2=" ">
    <subfield code="c">comduadb</subfield>
  </datafield>
  <datafield tag="041" ind1=" " ind2=" ">
    <subfield code="a">spa</subfield>
  </datafield>
  <datafield tag="082" ind1=" " ind2="4">
    <subfield code="a">155</subfield>
  </datafield>
  <datafield tag="100" ind1="1" ind2="0">
    <subfield code="a">Rosenthal, Judith</subfield>
    <subfield code="4">aut</subfield>
    <subfield code="e">aut</subfield>
    <subfield code="9">271602</subfield>
  </datafield>
  <datafield tag="245" ind1="1" ind2="0">
    <subfield code="a">Psicosis infantiles en los primeros a&#xF1;os de vida</subfield>
  </datafield>
  <datafield tag="250" ind1=" " ind2=" ">
    <subfield code="a">1. edici&#xF3;n</subfield>
  </datafield>
  <datafield tag="260" ind1=" " ind2=" ">
    <subfield code="a">Argentina :</subfield>
    <subfield code="b">Ediciones Paid&#xF3;s,</subfield>
    <subfield code="c">1986.</subfield>
  </datafield>
  <datafield tag="300" ind1=" " ind2=" ">
    <subfield code="a">275 p&#xE1;ginas.</subfield>
  </datafield>
  <datafield tag="505" ind1=" " ind2=" ">
    <subfield code="a">CONTENIDO : Introducci&#xF3;n. -- 1: Los antecedentes hist&#xF3;ricos. -- 2: el diagn&#xF3;stico de la psicosis infantil. -- 3: Desarrollo normal. -- La interacci&#xF3;n inicial madre -hijo. -- 4: El desarrollo mental interno en la primera infancia. -- 5: Metodolog&#xED;a de la investigaci&#xF3;n sobre la temprana historia natural de la psicosis infantil. -- 6: estudios de casos. -- 7: Evaluaciones a ciegas de la interacci&#xF3;n madre-hijo en filmes en la primera infancia de ni&#xF1;os pre psic&#xF3;ticos y normales. -- 8: An&#xE1;lisis, con base en Piaget, el desarrollo intelectual desde el nacimiento hasta dos a&#xF1;os, en ni&#xF1;os despu&#xE9;s psic&#xF3;ticos. -- 9: Resumen de los descubrimientos de la investigaci&#xF3;n sobre la temprana historia de la psicosis infantil: hacia una teor&#xED;a etiol&#xF3;gica. -- Observaciones de conducta. -- 10: S&#xED;ntesis en una teor&#xED;a etiol&#xF3;gica del desarrollo psic&#xF3;tico 11: El tratamiento de la psicosis en los cuatro primeros a&#xF1;os de vida: integraci&#xF3;n de las ideas y la experiencia anterior. -- Ap&#xE9;ndice. -- Bibliograf&#xED;a.</subfield>
  </datafield>
  <datafield tag="650" ind1=" " ind2=" ">
    <subfield code="a">Psicosis en ni&#xF1;os</subfield>
    <subfield code="9">36670</subfield>
  </datafield>
  <datafield tag="650" ind1=" " ind2="0">
    <subfield code="a">Psicopatolog&#xED;a infantil</subfield>
    <subfield code="9">43467</subfield>
  </datafield>
  <datafield tag="700" ind1="1" ind2="0">
    <subfield code="a">Massie, Henry N.</subfield>
    <subfield code="4">aut</subfield>
    <subfield code="e">aut</subfield>
    <subfield code="9">271601</subfield>
  </datafield>
  <datafield tag="942" ind1=" " ind2=" ">
    <subfield code="c">BOOK</subfield>
  </datafield>
  <datafield tag="999" ind1=" " ind2=" ">
    <subfield code="c">90109</subfield>
    <subfield code="d">90109</subfield>
  </datafield>
  <datafield tag="952" ind1=" " ind2=" ">
    <subfield code="0">0</subfield>
    <subfield code="1">0</subfield>
    <subfield code="4">0</subfield>
    <subfield code="7">0</subfield>
    <subfield code="8">GEN</subfield>
    <subfield code="a">BC</subfield>
    <subfield code="b">BC</subfield>
    <subfield code="d">1996-12-04</subfield>
    <subfield code="e">Otros proveedores</subfield>
    <subfield code="g">29500.00</subfield>
    <subfield code="i">C168717</subfield>
    <subfield code="l">2</subfield>
    <subfield code="o">155.4 M417p</subfield>
    <subfield code="p">61000000689980</subfield>
    <subfield code="r">2024-09-22 00:00:00</subfield>
    <subfield code="s">2024-04-17</subfield>
    <subfield code="t">1</subfield>
    <subfield code="w">2023-04-22</subfield>
    <subfield code="y">BOOK</subfield>
  </datafield>
</record>
